Statistics for NBA 2018-19 February Players 10 Assists Games

Click here to take the quiz!

General Stats

  • This quiz has been taken 15 times
  • The average score is 32 of 44

Answer Stats

PlayerTeam#% Correct
Ben Simmons76ers2
100%
Bradley BealWizards3
100%
Chris PaulRockets4
100%
D'Angelo RussellNets2
100%
Draymond GreenWarriors2
100%
Giannis AntetokounmpoBucks1
100%
James HardenRockets1
100%
Jrue HolidayPelicans2
100%
Kemba WalkerHornets2
100%
Kevin DurantWarriors1
100%
Kyle LowryRaptors4
100%
Kyrie IrvingCeltics2
100%
LeBron JamesLakers5
100%
Nikola JokicNuggets5
100%
Russell WestbrookThunder8
100%
Trae YoungHawks7
100%
Damian LillardTrail Blazers1
93%
Jamal MurrayNuggets1
93%
Luka DoncicMavericks2
93%
Rajon RondoLakers3
93%
Devin BookerSuns1
87%
Eric BledsoeBucks2
87%
Mike ConleyGrizzlies1
87%
Ricky RubioJazz1
87%
Aaron GordonMagic1
80%
De'Aaron FoxKings2
80%
Jeff TeagueTimberwolves3
80%
Darren CollisonPacers1
73%
Dennis Smith Jr.Knicks1
73%
Lou WilliamsClippers2
73%
Paul GeorgeThunder1
73%
Blake GriffinPistons1
67%
Joe InglesJazz2
67%
D.J. AugustinMagic1
47%
Tomas SatoranskyWizards3
47%
Elfrid PaytonPelicans1
40%
Monte MorrisNuggets1
27%
Tyus JonesTimberwolves1
20%
Ryan ArcidiaconoBulls1
13%
Cory JosephPacers2
7%
Jerryd BaylessTimberwolves1
7%
Matthew DellavedovaCavaliers2
7%
Elie OkoboSuns1
0%
Shabazz NapierNets2
0%

Score Distribution

Percentile by Number Answered

Percent of People with Each Score

Your Score History

You have not taken this quiz